Rocks, Fossils, and Minerals - Statistics

General Stats
  • This quiz has been taken 321 times
  • The average score is 10 of 14
Answer Stats
Picture Answer % Correct
Quartz
94%
Amethyst
85%
Obsidian
84%
Copper
81%
Gold
81%
Opal
79%
Pyrite
79%
Trilobite
69%
Ammonite
67%
Shark Tooth
66%
Tiger's Eye
65%
Diamond
52%
Pumice
52%
Diorite
29%
No matching quizzes found
Score Distribution
Percent of People with Each Score
Percentile by Number Answered
Your Score History
You have not taken this quiz